[Event "DEM U10 2012"]
[Site "Oberhof GER"]
[Date "2012.06.01"]
[Round "9"]
[White "Tong, Kevin"]
[Black "Mantel, Ruben"]
[Result "1/2-1/2"]
[Termination "normal"]
[Board "2"]
[WhiteElo "1612"]
[BlackElo "1539"]
[PlyCount "98"]
[WhiteFideId "12913944"]
[BlackFideId "12930121"]
[EventCountry "GER"]
[EventRounds "11"]
[EventType "swiss"]
[EventDate "2012.05.26"]

1. e4 e6 2. d4 d5 3. Nc3 dxe4 4. Nxe4 Nd7 5. Bd3 Ngf6 6. Qe2 Be7 7. Nf3 O-O 8.
Bg5 c5 9. dxc5 Nxc5 10. Nxc5 Bxc5 11. O-O Be7 12. Rfe1 Qc7 13. Rad1 Bd7 14. Ne5
Bc6 15. Nxc6 Qxc6 16. h3 Qc7 17. Bh4 Rfd8 18. Bg3 Qb6 19. c3 Nd5 20. Be4 Bf6
21. Bxd5 exd5 22. Rxd5 h6 23. Red1 Re8 24. Qc2 Qa6 25. Qb3 Re6 26. Rd6 Rxd6 27.
Rxd6 Qe2 28. Qxb7 Re8 29. Rd7 Qe1+ 30. Kh2 Qf1 31. f4 h5 32. Qf3 Qxf3 33. gxf3
Re2+ 34. Kg1 Rxb2 35. Rxa7 Bxc3 36. Ra8+ Kh7 37. a4 Rb1+ 38. Kg2 Bd4 39. h4
Rg1+ 40. Kh2 Ra1 41. a5 Ra2+ 42. Kh1 f5 43. a6 Bb6 44. Rf8 Kg6 45. Rc8 Rxa6 46.
Rc6+ Kh7 47. Bf2 Ra1+ 48. Kg2 Bxf2 49. Kxf2 Ra4 1/2-1/2

[Event "DEM U10 2012"]
[Site "Oberhof GER"]
[Date "2012.06.01"]
[Round "9"]
[White "Rockmann, Jan-Okke"]
[Black "Keymer, Vincent"]
[Result "1/2-1/2"]
[Termination "normal"]
[Board "3"]
[WhiteElo "1767"]
[BlackElo "1721"]
[PlyCount "127"]
[WhiteFideId "12942111"]
[BlackFideId "12940690"]
[EventCountry "GER"]
[EventRounds "11"]
[EventType "swiss"]
[EventDate "2012.05.26"]

1. e4 c5 2. Nc3 e6 3. Nf3 a6 4. Be2 d5 5. exd5 exd5 6. d4 Nf6 7. O-O Be7 8.
dxc5 Nc6 9. Re1 O-O 10. Be3 Be6 11. Na4 Qc7 12. Nd4 Nxd4 13. Qxd4 Ne4 14. Bf3
f5 15. g3 Bf6 16. Qb4 Be5 17. Qb6 Qd7 18. Rad1 Rae8 19. Bd4 Qxa4 20. Bxe5 Qxc2
21. Bd4 Rf7 22. Rc1 Qa4 23. c6 bxc6 24. Qxc6 Qxc6 25. Rxc6 a5 26. Ra6 Rc7 27.
Rxa5 Rc4 28. Rd1 Rd8 29. Ra7 Bf7 30. a4 Nd6 31. Be5 Nc8 32. Ra8 Be6 33. a5 d4
34. b3 Rc3 35. Bg2 Bxb3 36. Rxd4 Rc1+ 37. Bf1 Re8 38. Kg2 Rxe5 39. Rd8+ Kf7 40.
Raxc8 Rxc8 41. Rxc8 Rxa5 42. Rc7+ Kf8 43. f4 Ra3 44. Kh3 Ra2 45. Bd3 Be6 46.
Rc5 g6 47. Re5 Bd7 48. Bc4 Rd2 49. Rd5 Rxd5 50. Bxd5 h6 51. Kg2 g5 52. Kf3 Ke7
53. Ke3 Kd6 54. Kd4 g4 55. Ba2 Bc8 56. Bb1 Bd7 57. Kc4 Be6+ 58. Kb5 Bd7+ 59.
Kb6 Be6 60. Kb7 Bd5+ 61. Kc8 Be4 62. Ba2 Ke7 63. Kc7 Bd3 64. Bb3 1/2-1/2

[Event "DEM U10 2012"]
[Site "Oberhof GER"]
[Date "2012.06.01"]
[Round "9"]
[White "Engel, Luis"]
[Black "Wong, Gengchun"]
[Result "1-0"]
[Termination "normal"]
[Board "4"]
[WhiteElo "1463"]
[BlackElo "1511"]
[PlyCount "43"]
[WhiteFideId "12961523"]
[BlackFideId "12963283"]
[EventCountry "GER"]
[EventRounds "11"]
[EventType "swiss"]
[EventDate "2012.05.26"]

1. e4 e5 2. Nf3 Nc6 3. d4 exd4 4. Bc4 Nf6 5. O-O Nxe4 6. Re1 d5 7. Bxd5 Qxd5 8.
Nc3 Qh5 9. Nxe4 Be6 10. Bg5 h6 11. Bh4 Ne7 12. Qxd4 Nf5 13. Qa4+ c6 14. Ng3
Nxg3 15. Bxg3 Bc5 16. Re5 Bxf2+ 17. Bxf2 Qg6 18. Qe4 Qf6 19. Bh4 g5 20. Bf2
O-O-O 21. Bd4 Qe7 22. Bc5 1-0

[Event "DEM U10 2012"]
[Site "Oberhof GER"]
[Date "2012.06.01"]
[Round "9"]
[White "Wierzbicki, Jirawat"]
[Black "Schilay, Lorenz"]
[Result "0-1"]
[Termination "normal"]
[Board "5"]
[WhiteElo "1541"]
[BlackElo "1494"]
[PlyCount "75"]
[WhiteFideId "1153579"]
[BlackFideId "12930180"]
[EventCountry "GER"]
[EventRounds "11"]
[EventType "swiss"]
[EventDate "2012.05.26"]

1. e4 e5 2. Nf3 Nc6 3. Bc4 Nf6 4. d3 Bc5 5. O-O h6 6. Re1 d6 7. a4 Bg4 8. c3 a6
9. Nbd2 O-O 10. Nf1 a5 11. h3 Be6 12. Bb3 Re8 13. Ng3 Qd7 14. Bxe6 fxe6 15. d4
exd4 16. cxd4 Bb4 17. Bd2 Bxd2 18. Qxd2 Nb4 19. Rac1 Rec8 20. b3 Ra6 21. e5
Nfd5 22. exd6 Rxd6 23. Ne4 Rb6 24. Nc5 Qf7 25. Ne5 Qf5 26. Nc4 Nf4 27. Nxb6
cxb6 28. Ne4 Rxc1 29. Qxc1 Nbd3 30. Qc8+ Kh7 31. Ng3 Nxh3+ 32. Kh2 Qxf2 33. Rf1
Qxd4 34. Qxe6 Ng5 35. Qf5+ g6 36. Qf8 Qh4+ 37. Kg1 Nh3+ 38. gxh3 0-1

[Event "DEM U10 2012"]
[Site "Oberhof GER"]
[Date "2012.06.01"]
[Round "9"]
[White "ter Stal, Sven"]
[Black "Yankelevich, Michael"]
[Result "1-0"]
[Termination "normal"]
[Board "6"]
[WhiteElo "1498"]
[BlackElo "1718"]
[PlyCount "27"]
[WhiteFideId "12946443"]
[BlackFideId "12921440"]
[EventCountry "GER"]
[EventRounds "11"]
[EventType "swiss"]
[EventDate "2012.05.26"]

1. e4 d5 2. exd5 Qxd5 3. Nc3 Qe5+ 4. Be2 c6 5. Nf3 Qc7 6. d4 Bf5 7. Ne5 Nd7 8.
Bf4 Nxe5 9. Bxe5 Qd7 10. Qd2 Nf6 11. O-O-O O-O-O 12. Na4 e6 13. Qa5 Qe7 14. Nc5
1-0

[Event "DEM U10 2012"]
[Site "Oberhof GER"]
[Date "2012.06.01"]
[Round "9"]
[White "Biastoch, Bennet"]
[Black "Schneider, Jana"]
[Result "1/2-1/2"]
[Termination "normal"]
[Board "7"]
[WhiteElo "1488"]
[BlackElo "1462"]
[PlyCount "136"]
[WhiteFideId "12939889"]
[BlackFideId "12924997"]
[EventCountry "GER"]
[EventRounds "11"]
[EventType "swiss"]
[EventDate "2012.05.26"]

1. e4 e5 2. Nf3 Nc6 3. Bc4 Bc5 4. b4 Bxb4 5. c3 Be7 6. d4 d6 7. Qb3 Na5 8.
Bxf7+ Kf8 9. Qa4 c6 10. Bxg8 Kxg8 11. O-O b5 12. Qc2 Nc4 13. Nbd2 Be6 14. Rd1
Qc7 15. a4 a5 16. Nxc4 Bxc4 17. d5 cxd5 18. exd5 Qc5 19. Qe4 bxa4 20. Be3 Qc8
21. Nd2 Bb3 22. Rdc1 g6 23. Bh6 Qf5 24. Qxf5 gxf5 25. c4 Kf7 26. g3 Rhg8 27.
Kf1 Rgc8 28. Ra3 Rab8 29. Ke2 Rb7 30. f3 Kg6 31. Be3 Bg5 32. f4 exf4 33. gxf4
Bf6 34. Nxb3 axb3 35. Rb1 Rxc4 36. Raxb3 Rc2+ 37. Bd2 Rxb3 38. Rxb3 Rc5 39. Ra3
Bd8 40. Rd3 Rc4 41. Kf3 Bb6 42. Ra3 a4 43. Kg3 Bc5 44. Ra1 Bb4 45. Rxa4 Rd4 46.
Bxb4 Kh5 47. Kf3 h6 48. h4 Kg6 49. Ra6 Rxb4 50. Rxd6+ Kg7 51. Re6 Rd4 52. d6 h5
53. Re7+ Kg6 54. Re6+ Kg7 55. Ke3 Rd1 56. Re5 Kg6 57. Re7 Kf6 58. Rh7 Kg6 59.
Rd7 Rd5 60. Rd8 Kg7 61. d7 Rd1 62. Ke2 Rd5 63. Ke1 Rd4 64. Ke2 Rd5 65. Ke3 Rd1
66. Kf3 Rd3+ 67. Ke2 Rd4 68. Ke1 Rd5 1/2-1/2

[Event "DEM U10 2012"]
[Site "Oberhof GER"]
[Date "2012.06.01"]
[Round "9"]
[White "Heckmann, Till"]
[Black "Renger, Niklas"]
[Result "0-1"]
[Termination "normal"]
[Board "8"]
[WhiteElo "1282"]
[BlackElo "1622"]
[PlyCount "106"]
[WhiteFideId "12987093"]
[BlackFideId "12908096"]
[EventCountry "GER"]
[EventRounds "11"]
[EventType "swiss"]
[EventDate "2012.05.26"]

1. e4 c5 2. Nf3 d6 3. c3 Nf6 4. h3 g6 5. Bd3 Bg7 6. Bc2 O-O 7. O-O Nc6 8. a3 a5
9. d4 b6 10. Re1 Nd7 11. Bg5 Re8 12. Qd2 Bb7 13. Bb3 b5 14. Bd5 Qc7 15. Bh6 e6
16. Bb3 c4 17. Bc2 d5 18. e5 Qb6 19. Bxg7 Kxg7 20. Qc1 b4 21. Nbd2 bxc3 22.
bxc3 a4 23. Rb1 Qc7 24. Nf1 Ra7 25. N1h2 h5 26. Ng5 Rh8 27. Qf4 Nf8 28. Qf6+
Kg8 29. Re3 Nh7 30. Nxh7 Rxh7 31. Rf3 Qe7 32. Qf4 Rg7 33. Ra1 Bc8 34. Nf1 Bd7
35. Qc1 Na5 36. Rb1 Nb3 37. Bxb3 axb3 38. Ra1 Kh7 39. Qb2 Rg8 40. Nd2 Rga8 41.
Nb1 Kg8 42. Rg3 Qh4 43. Nd2 Qf4 44. Nf3 Qf5 45. Ne1 Qe4 46. Re3 Qh4 47. Rg3 Qe7
48. Nf3 Rxa3 49. Rxa3 Qxa3 50. Qxa3 Rxa3 51. Nd2 Ra1+ 52. Kh2 Rd1 53. Nxb3 cxb3
0-1

[Event "DEM U10 2012"]
[Site "Oberhof GER"]
[Date "2012.06.01"]
[Round "9"]
[White "Mönster, Madita"]
[Black "Rößler, Lukas"]
[Result "0-1"]
[Termination "normal"]
[Board "9"]
[WhiteElo "1025"]
[BlackElo "1515"]
[PlyCount "90"]
[WhiteFideId "12947156"]
[BlackFideId "12938718"]
[EventCountry "GER"]
[EventRounds "11"]
[EventType "swiss"]
[EventDate "2012.05.26"]

1. e4 c5 2. Nc3 Nc6 3. Bb5 Nf6 4. Bxc6 dxc6 5. d3 e6 6. f4 Be7 7. Nf3 Bd7 8.
O-O Qc7 9. Qe1 O-O-O 10. a3 Kb8 11. Be3 Ng4 12. h3 Nxe3 13. Qxe3 Bc8 14. b4 b6
15. bxc5 Bxc5 16. d4 Be7 17. Rfb1 Bb7 18. Ne5 Rhf8 19. Nd3 f6 20. a4 a5 21. d5
c5 22. Nb5 Qc8 23. dxe6 Qxe6 24. Nc3 c4 25. Rxb6 Qc8 26. Nd5 Rxd5 27. exd5 Re8
28. Rab1 Bb4 29. Qd4 cxd3 30. Qxd3 Bc5+ 31. Kh1 Bxb6 32. Rxb6 Ka8 33. Qd2 Kb8
34. d6 Rd8 35. Kg1 Qc5+ 36. Kh2 Qxb6 37. d7 Qc7 38. Qd4 Rxd7 39. Qe3 Qxc2 40.
Qe8+ Ka7 41. Qe3+ Ka6 42. Qg3 Rd2 43. Qe3 Rxg2+ 44. Kh1 Rh2+ 45. Kg1 Qg2# 0-1

[Event "DEM U10 2012"]
[Site "Oberhof GER"]
[Date "2012.06.01"]
[Round "9"]
[White "Shoipov, Dennie"]
[Black "Baltic, Fatih"]
[Result "1-0"]
[Termination "normal"]
[Board "10"]
[WhiteElo "1447"]
[BlackElo "1379"]
[PlyCount "61"]
[WhiteFideId "14137755"]
[BlackFideId "12979090"]
[EventCountry "GER"]
[EventRounds "11"]
[EventType "swiss"]
[EventDate "2012.05.26"]

1. e4 c5 2. Nf3 e6 3. d4 cxd4 4. Nxd4 a6 5. Nc3 Qc7 6. Be3 Nf6 7. Bd3 Bb4 8.
Qd2 d5 9. exd5 Nxd5 10. Nde2 Nd7 11. O-O Nxe3 12. Qxe3 O-O 13. Qe4 Nf6 14. Qxb4
Bd7 15. Ne4 Nd5 16. Qd6 Qxd6 17. Nxd6 Bc6 18. Nc4 Rad8 19. Rad1 Nf6 20. Ne3
Rfe8 21. Nc3 h6 22. f3 Kf8 23. Kf2 Ke7 24. Be4 Nxe4+ 25. Nxe4 Bxe4 26. fxe4 Rc8
27. Rd2 Rc7 28. Rfd1 Rec8 29. b3 g5 30. Ke2 f6 31. Nc4 1-0

[Event "DEM U10 2012"]
[Site "Oberhof GER"]
[Date "2012.06.01"]
[Round "9"]
[White "Dobrikov, Marco"]
[Black "Niemann, Alexander"]
[Result "0-1"]
[Termination "normal"]
[Board "11"]
[WhiteElo "1217"]
[BlackElo "1403"]
[PlyCount "116"]
[WhiteFideId "12950378"]
[BlackFideId "12939862"]
[EventCountry "GER"]
[EventRounds "11"]
[EventType "swiss"]
[EventDate "2012.05.26"]

1. e4 c5 2. Nf3 Nc6 3. d4 cxd4 4. Nxd4 g6 5. Nc3 Bg7 6. Be3 Nf6 7. Bc4 O-O 8.
Bb3 d6 9. f3 Bd7 10. O-O Rc8 11. Re1 Qa5 12. Nxc6 Bxc6 13. Kh1 b5 14. a3 a6 15.
Ne2 Nd7 16. Bd4 Ne5 17. f4 Ng4 18. h3 Nf6 19. e5 dxe5 20. fxe5 Ne4 21. e6 f5
22. Kg1 Rfd8 23. c3 Bb7 24. Qd3 Nc5 25. Qd1 Nxb3 26. Qxb3 Bd5 27. Qb4 Qxb4 28.
axb4 Bb7 29. Bxg7 Kxg7 30. Nd4 Rd6 31. Re5 Kf6 32. Rae1 Be4 33. Rc5 Rxc5 34.
bxc5 Rd8 35. b4 Rc8 36. Re3 Ra8 37. g4 Rd8 38. Kf2 Kg5 39. gxf5 Bxf5 40. Nxf5
Kxf5 41. Re1 Rc8 42. Ra1 Rc6 43. Ke3 Ke5 44. Re1 Rxe6 45. Kd3+ Kd5 46. Rxe6
Kxe6 47. Ke4 h6 48. h4 g5 49. h5 Kd7 50. Kf5 Kc6 51. Ke5 e6 52. Ke4 a5 53. bxa5
Kxc5 54. Ke3 Kc6 55. Ke4 Kb7 56. Kf3 Ka6 57. Kg4 Kxa5 58. Kf3 Ka4 0-1

[Event "DEM U10 2012"]
[Site "Oberhof GER"]
[Date "2012.06.01"]
[Round "9"]
[White "Shen, Julian"]
[Black "Rose, Luis Stratos"]
[Result "1-0"]
[Termination "normal"]
[Board "12"]
[WhiteElo "1383"]
[BlackElo "1372"]
[PlyCount "63"]
[WhiteFideId "12942898"]
[BlackFideId "12976008"]
[EventCountry "GER"]
[EventRounds "11"]
[EventType "swiss"]
[EventDate "2012.05.26"]

1. e4 d5 2. exd5 Nf6 3. Bb5+ Bd7 4. Bc4 Bg4 5. Nf3 Nxd5 6. c3 Nb6 7. Bxf7+ Kxf7
8. Ne5+ Ke8 9. Qxg4 Qd6 10. d4 Nc6 11. Bf4 Qf6 12. Nd2 Nxe5 13. Bxe5 Qg6 14.
Qxg6+ hxg6 15. Bxc7 Nd5 16. Be5 Kf7 17. O-O e6 18. Rfe1 Be7 19. Ne4 Nf6 20.
Ng5+ Kf8 21. Nxe6+ Kf7 22. Bxf6 Bxf6 23. Nc5 b6 24. Nd7 Rad8 25. Nxf6 gxf6 26.
Re3 Rde8 27. Rae1 Rxe3 28. Rxe3 Re8 29. Rxe8 Kxe8 30. Kf1 Ke7 31. Ke2 Ke6 32.
c4 1-0

[Event "DEM U10 2012"]
[Site "Oberhof GER"]
[Date "2012.06.01"]
[Round "9"]
[White "Roseneck, Jonas"]
[Black "Suvorov, Luca"]
[Result "1-0"]
[Termination "normal"]
[Board "13"]
[WhiteElo "1342"]
[BlackElo "1255"]
[PlyCount "95"]
[WhiteFideId "12939870"]
[BlackFideId "12977071"]
[EventCountry "GER"]
[EventRounds "11"]
[EventType "swiss"]
[EventDate "2012.05.26"]

1. e4 Nc6 2. Nf3 d6 3. d4 Bg4 4. c3 e6 5. Bd3 d5 6. exd5 exd5 7. O-O Bd6 8.
Re1+ Nge7 9. Nbd2 O-O 10. Bxh7+ Kh8 11. Bd3 Qd7 12. Qc2 Rae8 13. b3 Nc8 14. Bb2
Rxe1+ 15. Rxe1 Re8 16. Rxe8+ Qxe8 17. a3 Bf4 18. h3 Bxf3 19. Nxf3 Nd6 20. g3
Bh6 21. c4 dxc4 22. bxc4 f6 23. c5 Nc8 24. d5 N6e7 25. Qc4 Qh5 26. d6 cxd6 27.
cxd6 Nxd6 28. Qc7 Qxf3 29. Qxd6 Ng8 30. Qd8 Qd1+ 31. Kg2 Qd2 32. h4 Be3 33. Kh3
Bxf2 34. Qd5 Bb6 35. Qf5 Qh6 36. Bc1 g5 37. Kg2 Bd8 38. Qd7 Be7 39. Qxb7 Qh5
40. hxg5 fxg5 41. Qxa7 g4 42. Qc7 Qh3+ 43. Kf2 Qh2+ 44. Ke1 Qg1+ 45. Bf1 Qd4
46. Qb7 Bd6 47. Bb2 Bxg3+ 48. Ke2 1-0

[Event "DEM U10 2012"]
[Site "Oberhof GER"]
[Date "2012.06.01"]
[Round "9"]
[White "Arnold, Leander"]
[Black "Meyling, Lennart"]
[Result "1-0"]
[Termination "normal"]
[Board "14"]
[WhiteElo "1221"]
[BlackElo "1572"]
[PlyCount "63"]
[WhiteFideId "12990230"]
[BlackFideId "12947130"]
[EventCountry "GER"]
[EventRounds "11"]
[EventType "swiss"]
[EventDate "2012.05.26"]

1. d4 Nf6 2. Nd2 g6 3. e4 Bg7 4. f4 d6 5. Bd3 O-O 6. Ngf3 Nbd7 7. O-O c5 8. c3
Re8 9. e5 Nd5 10. Ne4 cxd4 11. cxd4 Qb6 12. Kh1 dxe5 13. fxe5 Nf8 14. Bc4 Be6
15. Nfg5 Ne3 16. Bxe3 Bxc4 17. Rf2 f6 18. Nf3 Bf7 19. Qd3 Red8 20. Qe2 Qc6 21.
Nc3 Bc4 22. Qc2 Bf7 23. Qc1 Ne6 24. d5 Rxd5 25. Nxd5 Qxd5 26. exf6 exf6 27. Bh6
Bxh6 28. Qxh6 Qc5 29. Raf1 f5 30. h3 Nd4 31. Ng5 Ne2 32. Qxh7+ 1-0

[Event "DEM U10 2012"]
[Site "Oberhof GER"]
[Date "2012.06.01"]
[Round "9"]
[White "Preißler, Niklas"]
[Black "Hofele, Mathis"]
[Result "0-1"]
[Termination "normal"]
[Board "15"]
[WhiteElo "1393"]
[BlackElo "1273"]
[PlyCount "124"]
[WhiteFideId "12927554"]
[BlackFideId "12963844"]
[EventCountry "GER"]
[EventRounds "11"]
[EventType "swiss"]
[EventDate "2012.05.26"]

1. e4 e5 2. Nf3 Nc6 3. d4 exd4 4. Nxd4 Bc5 5. Be3 Qf6 6. Nb5 Bxe3 7. fxe3 Qe5
8. N1c3 a6 9. Nd4 Nge7 10. Bc4 b5 11. Bb3 Qg5 12. Qf3 Ne5 13. Qf2 O-O 14. h3 c5
15. Ndxb5 axb5 16. Bd5 Nxd5 17. Nxd5 b4 18. O-O Bb7 19. Qe1 Bxd5 20. exd5 Nc4
21. e4 Qe3+ 22. Qxe3 Nxe3 23. Rf2 Rfe8 24. Re2 Rxe4 25. Kf2 Rae8 26. Rae1 Nd1+
27. Kf3 Rxe2 28. Rxe2 Rxe2 29. Kxe2 Nxb2 30. Ke3 Kf8 31. Ke4 d6 32. g4 Ke7 33.
g5 g6 34. h4 f6 35. Kf4 fxg5+ 36. hxg5 Kf7 37. Kg4 Nc4 38. Kf4 Na3 39. Kg4 Nxc2
40. Kf4 c4 41. Ke4 b3 42. axb3 cxb3 43. Kd3 Nd4 44. Kc3 Nf3 45. Kxb3 Nxg5 46.
Kc3 h5 47. Kd3 h4 48. Ke2 h3 49. Kf2 h2 50. Kg2 Nf3 51. Kh1 Kf6 52. Kg2 Kf5 53.
Kh1 Ke5 54. Kg2 Kxd5 55. Kh1 Ke4 56. Kg2 d5 57. Kh1 d4 58. Kg2 d3 59. Kh1 d2
60. Kg2 d1=Q 61. Kf2 Qg1+ 62. Ke2 Qe1# 0-1

[Event "DEM U10 2012"]
[Site "Oberhof GER"]
[Date "2012.06.01"]
[Round "9"]
[White "Rosenhain, Rachela"]
[Black "Liebeck, Eddie"]
[Result "1/2-1/2"]
[Termination "normal"]
[Board "16"]
[WhiteElo "1368"]
[BlackElo "1273"]
[PlyCount "43"]
[WhiteFideId "12957615"]
[BlackFideId "12945854"]
[EventCountry "GER"]
[EventRounds "11"]
[EventType "swiss"]
[EventDate "2012.05.26"]

1. e4 e5 2. Nc3 Nc6 3. Nf3 Nf6 4. d4 exd4 5. Nxd4 Nxd4 6. Qxd4 b6 7. Bc4 Bc5 8.
Qe5+ Qe7 9. Qxe7+ Bxe7 10. O-O O-O 11. Bf4 d6 12. e5 dxe5 13. Bxe5 c6 14. Rad1
Bf5 15. Rd2 Ng4 16. Bd6 Rfd8 17. Rfd1 Bg5 18. Re2 a5 19. a3 b5 20. Bb3 a4 21.
Ba2 h6 22. Bb4 1/2-1/2

[Event "DEM U10 2012"]
[Site "Oberhof GER"]
[Date "2012.06.01"]
[Round "9"]
[White "Stork, Oliver"]
[Black "Roth, Jakob"]
[Result "1/2-1/2"]
[Termination "normal"]
[Board "17"]
[WhiteElo "1216"]
[BlackElo "1367"]
[PlyCount "70"]
[WhiteFideId "12955728"]
[BlackFideId "12952605"]
[EventCountry "GER"]
[EventRounds "11"]
[EventType "swiss"]
[EventDate "2012.05.26"]

1. e4 c6 2. Nf3 d5 3. Nc3 dxe4 4. Nxe4 Nd7 5. d4 Ngf6 6. Nxf6+ Nxf6 7. Bc4 e6
8. O-O Bd6 9. Bg5 O-O 10. c3 h6 11. Bh4 Bd7 12. Bb3 Be7 13. Bc2 Nd5 14. Qd3 g6
15. Bg3 Bf6 16. Ne5 Ne7 17. h4 h5 18. Rad1 Nf5 19. Nxd7 Qxd7 20. Qe4 Qe7 21.
Be5 Bxe5 22. dxe5 Qxh4 23. Qxh4 Nxh4 24. Rd7 Rab8 25. Rfd1 Rfe8 26. Rc7 Red8
27. Rxd8+ Rxd8 28. Rxb7 Rd5 29. Rxa7 Rxe5 30. a4 Re2 31. Bd3 Rxb2 32. Be4 Rb3
33. a5 Nf5 34. Ra8+ Kg7 35. a6 Nd6 1/2-1/2

[Event "DEM U10 2012"]
[Site "Oberhof GER"]
[Date "2012.06.01"]
[Round "9"]
[White "Santos, Leonardo"]
[Black "Kopylov, Daniel"]
[Result "1-0"]
[Termination "normal"]
[Board "18"]
[WhiteElo "1189"]
[BlackElo "1623"]
[PlyCount "93"]
[WhiteFideId "12965049"]
[BlackFideId "12921971"]
[EventCountry "GER"]
[EventRounds "11"]
[EventType "swiss"]
[EventDate "2012.05.26"]

1. e4 e5 2. Nf3 Nf6 3. Nxe5 d6 4. Nf3 Nxe4 5. Nc3 Nxc3 6. dxc3 Nc6 7. Bd3 Be7
8. O-O Be6 9. Re1 Qd7 10. Qe2 h5 11. Nd4 Nxd4 12. cxd4 h4 13. h3 g5 14. f3 f5
15. Qxe6 Qxe6 16. Rxe6 Kf7 17. Bxf5 Bf6 18. c3 Rae8 19. Rxe8 Rxe8 20. Kf2 Re7
21. Bd2 Re8 22. Re1 Rxe1 23. Bxe1 Ke7 24. Ke3 d5 25. b3 b5 26. g3 Kd6 27. gxh4
gxh4 28. Kf4 c5 29. Bf2 cxd4 30. Bxd4 Bxd4 31. cxd4 b4 32. Kg4 a5 33. Kxh4 Ke7
34. Kg5 Kf7 35. h4 Kg7 36. h5 Kh8 37. h6 Kg8 38. h7+ Kh8 39. Kf4 Kg7 40. Ke5
Kh8 41. Kxd5 Kg7 42. Kc5 Kh8 43. d5 Kg7 44. d6 Kh8 45. d7 Kg7 46. d8=Q Kh6 47.
h8=Q# 1-0

[Event "DEM U10 2012"]
[Site "Oberhof GER"]
[Date "2012.06.01"]
[Round "9"]
[White "Demme, Miriam"]
[Black "Pajeken, Jakob Leon"]
[Result "0-1"]
[Termination "normal"]
[Board "20"]
[WhiteElo "1207"]
[BlackElo "1385"]
[PlyCount "172"]
[WhiteFideId "12966703"]
[BlackFideId "12942839"]
[EventCountry "GER"]
[EventRounds "11"]
[EventType "swiss"]
[EventDate "2012.05.26"]

1. e4 e5 2. d4 exd4 3. Qxd4 Nc6 4. Qe3 Nf6 5. Bd2 d6 6. Nc3 Be7 7. f3 Be6 8.
Bb5 O-O 9. O-O-O a6 10. Bxc6 bxc6 11. g4 Qc8 12. Nge2 a5 13. h4 Qb7 14. h5 a4
15. a3 Rfb8 16. Rdg1 Qxb2+ 17. Kd1 Qxa3 18. g5 Nd7 19. h6 g6 20. Qd4 f6 21. f4
Qc5 22. Qd3 f5 23. Nd4 Nf8 24. Nxe6 Nxe6 25. exf5 Qxf5 26. Qxf5 gxf5 27. g6 a3
28. Re1 a2 29. Nxa2 Rxa2 30. Rxe6 Rb1+ 31. Bc1 Rxc1+ 32. Kxc1 Ra1+ 33. Kb2 Rxh1
34. Rxe7 Rxh6 35. Re8+ Kg7 36. gxh7 Rxh7 37. Re2 Kf6 38. Kc3 Rh4 39. Rf2 Rh3+
40. Kd4 Ra3 41. Rg2 Ra4+ 42. Ke3 Re4+ 43. Kf3 Re7 44. Rd2 d5 45. c3 Ke6 46. Ke2
Kd6+ 47. Kd1 c5 48. Kc2 c6 49. Kc1 Re4 50. Rf2 Rc4 51. Kd2 d4 52. cxd4 cxd4 53.
Kd3 Kd5 54. Rg2 Rc3+ 55. Kd2 c5 56. Rg8 Ke4 57. Rg1 Kxf4 58. Rf1+ Rf3 59. Rc1
Rc3 60. Rf1+ Ke4 61. Re1+ Re3 62. Rc1 f4 63. Rxc5 Kf3 64. Rc1 d3 65. Rf1+ Ke4
66. Rd1 Re2+ 67. Kc1 Ke3 68. Rf1 f3 69. Kd1 Kf4 70. Rh1 Kg3 71. Re1 Rxe1+ 72.
Kxe1 Kg2 73. Kd2 f2 74. Kxd3 f1=Q+ 75. Ke3 Qf3+ 76. Kd4 Qe2 77. Kd5 Qe8 78. Kd6
Kf3 79. Kd5 Kf4 80. Kd6 Qb5 81. Kc7 Qa6 82. Kb8 Qc6 83. Ka7 Ke5 84. Kb8 Qd7 85.
Ka8 Kd6 86. Kb8 Kc6 0-1

[Event "DEM U10 2012"]
[Site "Oberhof GER"]
[Date "2012.06.01"]
[Round "9"]
[White "Fischer, Elias"]
[Black "Stirnberg, Noah"]
[Result "1-0"]
[Termination "normal"]
[Board "21"]
[WhiteElo "1377"]
[BlackElo "1145"]
[PlyCount "105"]
[WhiteFideId "12963305"]
[BlackFideId "16207742"]
[EventCountry "GER"]
[EventRounds "11"]
[EventType "swiss"]
[EventDate "2012.05.26"]

1. e4 c5 2. Nf3 d6 3. d4 cxd4 4. Nxd4 Nf6 5. Nc3 a6 6. f3 e5 7. Nb3 Be6 8. Be3
Be7 9. Qd2 Nbd7 10. Be2 O-O 11. O-O-O Qc7 12. Kb1 Rac8 13. g4 Rcd8 14. h4 b5
15. Rdg1 Nc5 16. h5 d5 17. exd5 Nxd5 18. Nxd5 Bxd5 19. Qe1 Nxb3 20. axb3 Bc5
21. Bxc5 Qxc5 22. Qg3 Qd6 23. Bd3 Qf6 24. Rh3 Rfe8 25. g5 Qe6 26. g6 fxg6 27.
hxg6 hxg6 28. Bxg6 Re7 29. Qh2 Kf8 30. Rh8+ Qg8 31. Rxg8+ Bxg8 32. Rg5 Rd5 33.
Rf5+ Rf7 34. Bxf7 Bxf7 35. Qh8+ Ke7 36. Qxg7 Kd6 37. Qxf7 Kc6 38. Rf6+ Rd6 39.
Rxd6+ Kxd6 40. f4 e4 41. Kc1 a5 42. Kd2 a4 43. Ke3 axb3 44. cxb3 b4 45. Kxe4
Kc6 46. Qd5+ Kc7 47. f5 Kb6 48. f6 Kc7 49. f7 Kb6 50. f8=R Kc7 51. Rd8 Kb6 52.
Rc8 Ka6 53. Rb8 1-0

[Event "DEM U10 2012"]
[Site "Oberhof GER"]
[Date "2012.06.01"]
[Round "9"]
[White "Flach, Helene"]
[Black "Merk, Daniel"]
[Result "1-0"]
[Termination "normal"]
[Board "22"]
[WhiteElo "974"]
[BlackElo "1312"]
[PlyCount "105"]
[WhiteFideId "12929735"]
[BlackFideId "12938386"]
[EventCountry "GER"]
[EventRounds "11"]
[EventType "swiss"]
[EventDate "2012.05.26"]

1. e4 c6 2. d4 d5 3. Nc3 dxe4 4. Nxe4 Bf5 5. Ng3 Bg6 6. Nf3 Nd7 7. Bd3 Bxd3 8.
Qxd3 Ngf6 9. O-O e6 10. c4 Nc5 11. Qc2 Ncd7 12. b3 c5 13. Bb2 Be7 14. Rad1 cxd4
15. Nxd4 O-O 16. Rfe1 Bb4 17. Bc3 Qa5 18. Bxb4 Qxb4 19. Qd2 Qxd2 20. Rxd2 Nb6
21. h3 Rad8 22. Red1 Rd7 23. Nf3 Rfd8 24. Rxd7 Rxd7 25. Rxd7 Nbxd7 26. Kf1 Kf8
27. Ke2 Ke7 28. Kd3 Kd6 29. Kd4 e5+ 30. Ke3 h6 31. Nf5+ Kc5 32. a3 e4 33. Nd2
Ne5 34. Nxe4+ Nxe4 35. Kxe4 f6 36. Nxg7 a6 37. Nh5 Ng6 38. Nxf6 Nh4 39. g3 Ng2
40. Ng4 Ne1 41. Ne3 Kd6 42. f4 Ke6 43. Kd4 b6 44. c5 Nf3+ 45. Kc4 b5+ 46. Kb4
Kd7 47. f5 Nd4 48. g4 Kc6 49. f6 a5+ 50. Kc3 Kxc5 51. b4+ axb4+ 52. axb4+ Kd6
53. Kxd4 1-0

[Event "DEM U10 2012"]
[Site "Oberhof GER"]
[Date "2012.06.01"]
[Round "9"]
[White "Vaintroub, Maximilian"]
[Black "Huber, Benedikt"]
[Result "1-0"]
[Termination "normal"]
[Board "23"]
[WhiteElo "1302"]
[BlackElo "1121"]
[PlyCount "39"]
[WhiteFideId "12942510"]
[BlackFideId "12923583"]
[EventCountry "GER"]
[EventRounds "11"]
[EventType "swiss"]
[EventDate "2012.05.26"]

1. e4 b6 2. d4 Bb7 3. Nc3 e6 4. Nf3 Bb4 5. Bd2 Bxc3 6. Bxc3 Bxe4 7. Qe2 Bb7 8.
d5 Nf6 9. dxe6 fxe6 10. Qd3 d6 11. O-O-O a5 12. Ng5 Ng4 13. Nxe6 Nxf2 14. Qe2
Qh4 15. Nxg7+ Kd7 16. Qe6+ Kc6 17. Qd5+ Kd7 18. Bb5+ Nc6 19. Qe6+ Kd8 20. Bf6+
1-0